Các định lý tồn tại trong GFC - không gian : Luận văn Thạc sĩ chuyên ngành Toán giải tích

Gespeichert in:
Bibliographische Detailangaben
1. Verfasser: Nguyễn, Thị Ngọc Bích
Format: Buch
Sprache:Undetermined
Veröffentlicht: Cần Thơ Trường Đại học Cần Thơ 2009
Schlagworte:
Tags: Tag hinzufügen
Keine Tags, Fügen Sie den ersten Tag hinzu!
Thư viện lưu trữ: Trung tâm Học liệu Trường Đại học Cần Thơ
LEADER 00750nam a2200205Ia 4500
001 CTU_154285
008 210402s9999 xx 000 0 und d
082 |a 515 
082 |b B302 
088 |a 604601 
100 |a Nguyễn, Thị Ngọc Bích 
245 0 |a Các định lý tồn tại trong GFC - không gian : 
245 0 |b Luận văn Thạc sĩ chuyên ngành Toán giải tích 
245 0 |c Nguyễn Thị Ngọc Bích ; Nguyễn Ngọc Hải ( hướng dẫn khoa học ) 
260 |a Cần Thơ 
260 |b Trường Đại học Cần Thơ 
260 |c 2009 
650 |a Mathematical analysis,Toán giải tích 
904 |i QHieu 
980 |a Trung tâm Học liệu Trường Đại học Cần Thơ